000 00458cam a2200181ua 4500
020 _a0 8039 3568 4
041 _aeng
_h
082 _a300.1
_bMOH/UN
100 _aMohr, Lawrence B .
245 _aUnderstanding significance testing /
_cLawrence B Mohr.
_hTextual Documents
250 _a1 /
_b.
260 _aNew Delhi :
_bSage Publications ,
_c1990.
300 _a76 ; .
500 _a**Reference
504 _a
942 _cBK
999 _c8128
_d8128